| 000 | 00483nam a2200169 4500 | ||
|---|---|---|---|
| 001 | 143712 | ||
| 003 | ES-MaACL | ||
| 005 | 20230906200852.0 | ||
| 007 | t| | ||
| 008 | 070214s1968 sp r ||||1| cat d | ||
| 100 | 1 |
_aSeva Llinares, Antonio. _9105910 |
|
| 245 | 1 | 0 |
_aAlacant, trenta mil pieds-noirs / _cA. Seva Llinares. |
| 250 | _a1ยช ed. | ||
| 260 |
_aBarcelona : _bEd. 62, _c1968 ( _eValencia : _fOrtiza) |
||
| 300 |
_a141 p. ; _c18 cm. |
||
| 852 |
_aES-MaACL _jC-37187 _bR.68380 |
||
| 999 |
_c143712 _d143712 |
||